| 000 | 00741nam a2200229 i 4500 | ||
|---|---|---|---|
| 001 | 46418 | ||
| 003 | ES-MaACL | ||
| 005 | 20230906161359.0 | ||
| 007 | t| | ||
| 008 | 030328s1980 fr ||||1| fre d | ||
| 245 | 0 | 0 |
_aConcepts et catégories dans la pensée antique / _csous la direction de Pierre Aubenque ; par Remi Brague ... [et al.]. |
| 260 |
_aParis : _bJ. Vrin, _c1980. |
||
| 300 |
_aXIV, 358 p. ; _c24 cm. |
||
| 490 | 1 | _aBibliothèque d'histoire de la philosophie | |
| 500 | _aIndice. | ||
| 504 | _aBibliografía. | ||
| 700 | 1 |
_aAubenque, Pierre. _923787 |
|
| 700 | 1 |
_aBrague, Rémi. _931286 |
|
| 830 | 0 |
_aBibliothèque d'histoire de la philosophie _9177275 |
|
| 852 |
_aES-MaACL _jL-11876 _bR.113822 |
||
| 999 |
_c46418 _d46418 |
||